00759nam a2200241 a 4500001001300000003000900013005001700022008004100039020001000080082001800090100002900108245006200137260003300199300001000232500003500242505003300277650001500310700002900325902000800354942000700362952013100369999001700500nice12345678IN_TiNIC20260116013345.0050524s1987 dela grp 000 0 eng  ac17500a297.0954bSID aSiddiqui, Iqtidar Husain aIslam and Muslims in South Asiab Historical Perspective. aDelhibAdam Publishersc1987 a201p. aincludes index and biblioraphy2 aSelected Bibliography, Index aIslam-Asia1 aSiddiqui, Iqtidar Husain bSRS cBK 001040708StackRoom-aHMIbHMId2011-05-16g175.00l2o297.0954 SIDp017994r2018-04-19s2018-04-13v175.00w2005-05-24yBK c10688d10688